000 01491nam a22003017a 4500
005 20080918163843.0
008 080918t xxu||||| |||| 00| 0 hin d
010 _aHIN-92645
020 _a9788190422659
_c200.00
035 _aHN-64991
037 _bDBAD / PUB
040 _aDPL
_bHN
082 _a
100 _9747
_aगोर्की, मॅक्सिम
245 _aजीवन की पाठशाला /
_cमॅक्सिम गोर्की
260 _aदिल्ली
_bआकाशगंगा प्रकाशन
_c2011
270 _a1/11437,सुभाष पार्क एक्सटेंशन, गली नं-2, नवीन शाहदरा
_bदिल्ली
_e110032
300 _a144पृ.
_c22सेमी (सजिल्द)
650 _9697
_aहिन्दी कथा साहित्य
650 _9698
_aHindi Novel
700 _927881
700 _927882
700 _927883
942 _2ddc
_cHN
_mगोर्कीमॅ
_h
999 _c52269
_d52269